Responses for Show #4017 - Tuesday, February 5, 2002

2002 Teen Tournament quarterfinal game 2.

Contestants

[<< previous game]

Liana Walters, a junior from Mechanicsburg, Pennsylvania

Evan Stewart, a sophomore from Frankfort, Kentucky

Heidi Greimann, a junior from Columbia, Missouri

[next game >>]

Jeopardy! Round responses

THE OTHER PLANETS
TV
AROUND THE U.S.A.
ORDER, PLEASE
SPEAKING OF LANGUAGE
RHYME TIME
    $200 1
Mercury

Liana
    $200 13
Buffy the Vampire Slayer

Liana
    $200 2
Roswell

Evan
    $200 21
pint, quart, gallon

Evan
    $200 7
Dutch

Evan
    $200 26
a late date

Heidi
    $400 12
Venus

Evan
    $400 14
Will & Grace

Liana
    $400 3
(Evan: What is a dove?)

bluebird

Evan
Triple Stumper
    $400 22
(Evan: What is Trivial Pursuit, Hi Ho Cherry-O, Yahtzee?)

Hi Ho Cherry-O, Trivial Pursuit, Yahtzee (0, 1 and 5)

HeidiEvan
    $400 8
Spanish

Heidi
    $400 27
a flat cat

Evan
    $600 18
Mars

Evan
    $600 15
The X-Files

Liana
    $600 4
(cast) iron

Heidi
    $600 23
Zac, Taylor & Isaac Hanson

Liana
    $600 9
Swahili

Liana
    $600 28
a far star

Liana
    $800 19
Pluto

Evan
    $800 16
Smallville

Liana
    $800 5
Mary Todd Lncoln

Liana
    $800 24
U, O, I, E, A

Evan
    $800 10
(Liana: What is Hindu?)
(Heidi: What is Hindi?)

Sanskrit

HeidiEvanLiana
    $800 29
(Liana: What is a Greek...?)

a meek Greek

EvanLiana
    $1000 20
Jupiter

Liana
    $1000 17
Alias

Liana
    $1000 6
Kentucky

Evan
    $1,000 25
Nobel Prize, Oscar, Emmy

Evan
    $1000 11
Africa

Evan
    $1000 30
a pork fork

Heidi

Scores at the first commercial break (after clue 15):

Heidi Evan Liana
$200 $3,200 $2,000

Scores at the end of the Jeopardy! Round:

Heidi Evan Liana
$1,800 $7,400 $5,200

Double Jeopardy! Round responses

PLAY TIME
McPEOPLE
STUFF THAT HAPPENED
EARTH TONES
MECHANICAL PROBLEMS
CALL TRIPLE "A"
(Alex: Each correct response will contain 3 letters "A".)
    $400 21
Our Town

Evan
    $400 6
Mark McGwire

Evan
    $400 1
Canada

Liana
    $400 11
tanned

Liana
    $400 25
a pendulum

Heidi
    $400 16
Mahatma

Evan
    $800 22
(Liana: What is Cat on a Hot Tin
Roof
?

The Glass Menagerie

EvanLiana
    $800 7
Dylan McDermott

Liana
    $800 2
Curie

Evan
    $800 12
coffee

Heidi
    $800 26
an earthquake

Heidi
    $800 17
mascara

Evan
    $1200 23
The Crucible

Heidi
    $3,000 8
(William) McKinley

Liana
    $1200 3
turquoise

Heidi
    $1200 13
toast

Heidi
    $1200 27
quantum mechanics

Liana
    $1200 18
alfalfa

Heidi
    $1600 24
Medea

Heidi
    $1600 9
(Cyrus) McCormick

Evan
    $1600 4
the Parthenon

Evan
    $1600 14
terra cotta

Evan
    $1600 28
(Evan: What is the mechanical velocity?)
(Heidi: What is the mass velocity?)

the muzzle velocity

HeidiEvan
Triple Stumper
    $1600 19
the parabola

Evan
    $5,600 29
(Liana: [Shakes head] It's on the tip of my tongue.)
(Alex: Spit it out.)
(Liana: If it's right, that might help me.)
(Alex: Say something.)
(Liana: What is Cicero?)
(Alex: No, and you're so close. Cyrano. [*].)

Cyrano de Bergerac

Liana
    $2000 10
McClellan

Liana
    $2000 5
Babylon

Evan
    $2000 15
russet

Triple Stumper
    $2000 30
efficiency

Evan
    $2000 20
the Kabbalah

Triple Stumper

Scores at the end of the Double Jeopardy! Round:

Heidi Evan Liana
$8,600 $19,800 $6,600
(lock game)

Final Jeopardy! Round responses

FADS
LianaWhat is frisbee??
$6,600
HeidiWhat are frsbees?!
$5,000
EvanWhat are frisbees?
$200
frisbee

Final scores:

Heidi Evan Liana
$13,600 $20,000 $13,200
2nd place: $2,500 if eliminated Automatic semifinalist 3rd place: $2,500 if eliminated

Game dynamics:

Coryat scores:

Heidi Evan Liana
$8,600 $19,800 $10,400
13 R,
2 W
25 R
(including 1 DD),
3 W
17 R
(including 1 DD),
4 W
(including 1 DD)

Combined Coryat: $38,800

[game clues] [game scores] [suggest correction]

Game tape date: 2001-12-17
The J! Archive is created by fans, for fans. Scraping, republication, monetization, and malicious use prohibited; this site may use cookies and collect identifying information. See terms. The Jeopardy! game show and all elements thereof, including but not limited to copyright and trademark thereto, are the property of Jeopardy Productions, Inc. and are protected under law. This website is not affiliated with, sponsored by, or operated by Jeopardy Productions, Inc. Join the discussion at JBoard.tv.